000 00797nam a22002773 4500
001 21422
003 BD-RjUL
005 20211209000701.0
008 140304s1914 enk 000 0 d
035 _aCD-0000777000
_a(BD-RjUL)21486
040 _aBD-RjUL
_beng
_cBD-RjUL
_dBD-RjUL
041 _aeng
082 _a824
_bRUT 1914
100 1 _aRuskin, John.
_946315
245 1 4 _aThe two boyhoods, and other select passages /
260 _aLondon :
_c1914.
_bDent and Sons Ltd.,
300 _ccm.17
_axiv, 197 p ;
490 1 _aEveryman's libr.
_vvol.688
650 _aLiterature
_966205
690 0 0 _aEnglish literature
_y1789-1919
_xWorks
_2pre20
_935
830 0 _vvol.688
_966214
752 _aEngland
_dLondon
830 0 _aEveryman's libr.
_966215
942 _2ddc
_cBK
999 _c21422
_d21422